Online Catalogue and eLibrary

Barathiyaippatti Nanparkal (Record no. 4225)

MARC details
000 -LEADER
fixed length control field 00378nam a2200133Ia 4500
005 - DATE AND TIME OF LATEST TRANSACTION
control field 20250305053805.0
008 - FIXED-LENGTH DATA ELEMENTS--GENERAL INFORMATION
fixed length control field 240331s9999 xx 000 0 und d
082 ## - DDC Classification
Item Number - Author Mark BAR
DDC Edition Number 2612
Class No. 920
245 #0 - TITLE STATEMENT
Title Barathiyaippatti Nanparkal
260 ## - PUBLICATION, DISTRIBUTION, ETC.
Place of publication, distribution, etc. Chennai
Name of publisher, distributor, etc. Vanathi Pathippakam
Date of publication, distribution, etc. 1982
300 ## - PHYSICAL DESCRIPTION
Extent (e.g. Volumes, Pages etc.) 267 p.,
500 ## - GENERAL NOTE
General note Life and work of the poet Barathiyar as told by his friends
942 ## - Koha item type (Biblio)
Koha item type Books in Stacks (Lending)
Holdings
Lost status Damaged status Collection code Home library Current library Shelving location Date acquired Full call number Accession Number Item type
    Lending WERC Library WERC Library Social Science Cupboard 03/31/2024 894.811 BAR 2612 Books in Stacks (Lending)

© WERC Library